| 000 | 01541nam a2200361 i 4500 | ||
|---|---|---|---|
| 001 | 185136 | ||
| 003 | SpMaBN | ||
| 005 | 20250928123453.0 | ||
| 008 | 160323s1990 sp o |||| | spa d | ||
| 020 | _a84-7782-120-8 | ||
| 080 | _a72.034(460) | ||
| 080 | _a94(460)"1474/1516" | ||
| 100 | 1 |
_aMasats, Óscar. _9144933 |
|
| 245 | 1 | 0 |
_aEspaña colombina / _cfotografía, Óscar Masats ; [prólogo, Luis Yáñez-Barnuevo]. |
| 260 |
_aBarcelona ; _aMadrid : _bLunwerg, _c[1990] |
||
| 300 |
_a235 p. : _bfot. col. ; _c30 cm. |
||
| 490 | 1 |
_aBiblioteca Quinto Centenario ; _v1000 |
|
| 500 | _aCronología. | ||
| 500 | _aÍndice de fotografías. | ||
| 505 | 8 | _aContiene: España en torno a 1492: estructuras y valores sociales / Miguel-Ángel Ladero Quesada . La España que recorrió Cristóbal Colón / Consuelo Varela | |
| 546 | _aTexto en español e inglés. | ||
| 651 | 4 |
_aEspaña- _xHistoria- _y1474-1516, Reyes Católicos. _98222 |
|
| 700 | 1 |
_aLadero Quesada, Miguel Ángel, _d1943- _9159216 |
|
| 700 | 1 |
_aVarela, Consuelo, _d1945- _9113131 |
|
| 700 | 1 |
_aYáñez, Luis. _9117567 |
|
| 710 | 1 |
_aEspaña. _bComisión Nacional para la Conmemoración del V Centenario del Descubrimiento de América. _93639 |
|
| 740 | 0 | 2 | _aEspaña en torno a 1492: estructuras y valores sociales. |
| 740 | 3 | 2 | _aLa España que recorrió Cristóbal Colón. |
| 830 | 1 |
_aBiblioteca Quinto Centenario ; _v1000 _9225174 |
|
| 852 |
_aES-MaACL _jA-13661 _9 192155 _bR.150396 _cDEPO1 _dOlim: N-6661 |
||
| 942 | _2udc | ||
| 999 |
_c185136 _d185136 |
||